Opciones para establecer sinergias entre la UPOV 91, la CDB y el tratado de la FAO sobre recursos fitogenéticos /
Αποθηκεύτηκε σε:
| Κύριος συγγραφέας: | |
|---|---|
| Μορφή: | Κείμενο |
| Θέματα: | |
| Ετικέτες: |
Προσθήκη ετικέτας
Δεν υπάρχουν, Καταχωρήστε ετικέτα πρώτοι!
|
MARC
| LEADER | 00000 a a2200000 04500 | ||
|---|---|---|---|
| 001 | 13106 | ||
| 003 | |||
| 040 | |||
| 100 | |a Cabrera Medaglia, Jorge | ||
| 245 | |a Opciones para establecer sinergias entre la UPOV 91, la CDB y el tratado de la FAO sobre recursos fitogenéticos / |c Jorge Cabrera Medaglia | ||
| 650 | |a TLC | ||
| 650 | |a PROTECCION AMBIENTAL | ||
| 650 | |a PLANTAS | ||
| 650 | |a BIODIVERSIDAD | ||
| 650 | |a SEMILLAS | ||
| 650 | |a TECNOLOGIA | ||
| 773 | |g volumen 7, número 3; páginas 15-17 | ||
| 999 | |c 27426 |d 27426 | ||
